Municípios da Região Metropolitana de Florianópolis (SC) no mapa - Statistics

Estatísticas Gerais
  • Esse quiz foi jogado 331 vezes
  • A pontuação média é 11 de 22
Respostas no mapa
Respostas codificadas por cores de uma escala verde-vermelha no mapa do quiz de acordo com a % correta abaixo.
 
Estatísticas das Respostas
Município % Correto
Florianópolis
100%
São José
93%
Palhoça
92%
Biguaçu
76%
Governador Celso Ramos
66%
Santo Amaro da Imperatriz
61%
Tijucas
58%
Garopaba
56%
Paulo Lopes
50%
Rancho Queimado
50%
Angelina
43%
São Pedro de Alcântara
43%
Águas Mornas
42%
Antônio Carlos
42%
Alfredo Wagner
39%
Nova Trento
36%
Anitápolis
34%
São João Batista
34%
Canelinha
33%
São Bonifácio
30%
Major Gercino
29%
Leoberto Leal
27%
Nenhum quiz correspondente encontrado
Distribuição das Pontuações
Porcentagem de Pessoas com Cada Pontuação
Percentil de Números Respondidos
Sua Pontuação Histórica
Você não jogou esse quiz